Sports Quiz

Random Sports or Basketball Quiz
Score 0/99 Timer 07:00
0 Plays Today
Sport MVP % Correct
2008-09 NBALeBron James
95.7%
2009-10 NBALeBron James
95.7%
2011-12 NBALeBron James
95.7%
2012-13 NBALeBron James
95.7%
2004 NFLPeyton Manning
95.2%
2008 NFLPeyton Manning
95.2%
2009 NFLPeyton Manning
95.2%
2003 NFL (co-MVP)Peyton Manning
95.2%
2017 NFLTom Brady
94%
2007 NFLTom Brady
93.6%
2010 NFLTom Brady
93.6%
2013 NFLPeyton Manning
93.6%
2007-08 NBAKobe Bryant
93.4%
2016 MLB NLKris Bryant
93.1%
2014-15 NBAStephen Curry
90%
2015-16 NBAStephen Curry
90%
2004-05 NBASteve Nash
88.8%
2005-06 NBASteve Nash
88.8%
2003 MLB ALAlex Rodriguez
88%
2005 MLB ALAlex Rodriguez
88%
2007 MLB ALAlex Rodriguez
88%
2014 NFLAaron Rodgers
87.2%
2001-02 NBATim Duncan
86.9%
2002-03 NBATim Duncan
86.9%
2011 NFLAaron Rodgers
86%
2001 MLB NLBarry Bonds
85.2%
2002 MLB NLBarry Bonds
85.2%
2003 MLB NLBarry Bonds
85.2%
2004 MLB NLBarry Bonds
85.2%
2016-17 NBARussell Westbrook
84.9%
1999-00 NBAShaquille O'Neal
84.8%
2017-18 NBAJames Harden
84.8%
2006-07 NHLSidney Crosby
84.7%
Sport MVP % Correct
2010-11 NBADerrick Rose
84.2%
2005 MLB NLAlbert Pujols
84%
2008 MLB NLAlbert Pujols
84%
2009 MLB NLAlbert Pujols
84%
2013-14 NHLSidney Crosby
83.9%
2013-14 NBAKevin Durant
83.8%
2019 MLB ALMike Trout
83.1%
2006-07 NBADirk Nowitzki
83%
2016 MLB ALMike Trout
81.1%
2018 NFLPatrick Mahomes
81%
2003-04 NBAKevin Garnett
80.5%
2000-01 NBAAllen Iverson
80%
2012 MLB ALMiguel Cabrera
80%
2012 NFLAdrian Peterson
79.7%
2015 NFLCam Newton
79.6%
2006 NFLLaDainian Tomlinson
79.2%
2016 NFLMatt Ryan
79%
2001 NFLKurt Warner
78.6%
2007-08 NHLAlex Ovechkin
78.2%
2008-09 NHLAlex Ovechkin
78.2%
2012-13 NHLAlex Ovechkin
78.2%
2013 MLB ALMiguel Cabrera
77.9%
2014 MLB ALMike Trout
77.4%
2006 MLB NLRyan Howard
76.9%
2009 MLB ALJoe Mauer
74.9%
2015 MLB NLBryce Harper
73.8%
2011 MLB ALJustin Verlander
72.3%
2011 MLB NLRyan Braun
72%
2018 MLB ALMookie Betts
71.8%
2017 MLB NLGiancarlo Stanton
71.7%
2018-19 NBAGiannis Antetokounmpo
71.2%
2005 NFLShaun Alexander
70.8%
2010 MLB ALJosh Hamilton
70.4%
Sport MVP % Correct
2000 NFLMarshall Faulk
70.2%
2017 MLB ALJose Altuve
70.2%
2010 MLB NLJoey Votto
68.6%
2014 MLB NLClayton Kershaw
68.3%
2012 MLB NLBuster Posey
65.7%
2007 MLB NLJimmy Rollins
65.6%
2018 MLB NLChristian Yelich
65.2%
2008 MLB ALDustin Pedroia
63.4%
2019 MLB NLCody Bellinger
63.3%
2001 MLB ALIchiro Suzuki
62.9%
2006 MLB ALJustin Morneau
62.7%
2015 MLB ALJosh Donaldson
62.7%
2003 NFL (co-MVP)Steve McNair
62.5%
2013 MLB NLAndrew McCutchen
62.3%
2000 MLB ALJason Giambi
62.1%
2002 NFLRich Gannon
61.9%
2015-16 NHLPatrick Kane
57%
2000 MLB NLJeff Kent
53%
2011-12 NHLEvgeni Malkin
52.9%
2002 MLB ALMiguel Tejada
51.4%
2016-17 NHLConnor McDavid
45.2%
2004 MLB ALVladimir Guerrero
44.9%
2005-06 NHLJoe Thornton
44.4%
2000-01 NHLJoe Sakic
44.2%
2003-04 NHLMartin St. Louis
43.1%
2009-10 NHLHenrik Sedin
40.2%
2017-18 NHLTaylor Hall
38.6%
2014-15 NHLCarey Price
35.1%
2002-03 NHLPeter Forsberg
34.2%
2018-19 NHLNikita Kucherov
31.8%
2010-11 NHLCorey Perry
28.8%
1999-00 NHLChris Pronger
24.8%
2001-02 NHLJose Theodore
18.6%
Remove Ads.
Support Sporcle.
Get the best of Sporcle when you Go Orange. This ad-free experience offers more features, more stats, and more fun while also helping to support Sporcle. Thank you for becoming a member.

You're not logged in!

Compare scores with friends on all Sporcle quizzes.
OR
Log In

Show Comments

Extras

Top Quizzes Today


Score Distribution

Your Account Isn't Verified!

In order to create a playlist on Sporcle, you need to verify the email address you used during registration. Go to your Sporcle Settings to finish the process.

Report this User

Report this user for behavior that violates our Community Guidelines.

Details: